| 000 | 00545nam a2200205Ia 4500 | ||
|---|---|---|---|
| 008 | 220216s9999 xx 000 0 und d | ||
| 100 | _aVarghese S. | ||
| 245 | 0 | _aEffect of humidity and temperature on drying of natural rubber | |
| 260 |
_bNatural Rubber Research _c2004 |
||
| 300 | _a53-59 | ||
| 650 | _aDiffusion | ||
| 650 | _aDrying efficiency | ||
| 650 | _aMoisture content | ||
| 650 | _aNatural rubber | ||
| 650 | _aRelative humidity | ||
| 650 | _aSheet rubber | ||
| 700 | _aCherian T. | ||
| 700 | _aKuriakose B. | ||
| 942 | _cBS | ||
| 999 |
_c51665 _d51665 |
||